Akta kebangkrapan 1967 (Akta 360)

Bibliographic Details
Corporate Author: Malaysia
Format: Book
Published: Kuala Lumpur : International Law Book Services , 1995
Subjects:

MARC

LEADER 00000cam a2200000 7i4500
001 0000024213
002 000026159
005 20161205.0
020 |a 9678906988 
090 0 0 |a 346.078   |b MAL 
110 2 |a Malaysia 
240 0 0 |a Laws, etc 
245 0 0 |a Akta kebangkrapan 1967 (Akta 360) 
260 |a Kuala Lumpur :   |b International Law Book Services ,   |c 1995 
300 |a 107p. ;   |c 24cm. 
650 0 0 |a Act 360 
650 0 0 |a Bankruptcy act   |z Malaysia 
999 |a 076652   |b AKTA - KOLEKSI UNDANG-UNDANG   |c AKTA   |e PERPUSTAKAAN KOMUNITI PETALING JAYA